Poema inacabado / (Record no. 10976)

MARC details
000 -LEADER
campo de control de longitud fija 00872nam a2200265 i 4500
001 - NÚMERO DE CONTROL
campo de control 10976
003 - IDENTIFICADOR DE NÚMERO DE CONTROL
campo de control ES-MaACL
005 - FECHA Y HORA DE LA ÚLTIMA TRANSACCIÓN
campo de control 20230906150013.0
007 - CAMPO FIJO DE DESCRIPCIÓN FÍSICA--INFORMACIÓN GENERAL
campo de control de longitud fija t|
008 - DATOS DE LONGITUD FIJA--INFORMACIÓN GENERAL
campo de control de longitud fija 921021s1989 sp ||||0| spa d
016 7# - NÚMERO DE CONTROL DE UNA AGENCIA BIBLIOGRÁFICA NACIONAL
Número de control cancelado/no válido SIC92003877
020 ## - NÚMERO INTERNACIONAL ESTÁNDAR DEL LIBRO
Número Internacional Estándar del Libro 84-206-4519-2
040 ## - FUENTE DE CATALOGACIÓN
Centro catalogador/agencia de origen SIC
Lengua de catalogación spa
Centro/agencia transcriptor SIC
080 ## - NÚMERO DE LA CLASIFICACIÓN DECIMAL UNIVERSAL
Número de la Clasificación Decimal Universal 849.9-12"19"
100 1# - ENTRADA PRINCIPAL--NOMBRE DE PERSONA
Nombre de persona Ferrater, Gabriel.
9 (RLIN) 50337
245 10 - MENCIÓN DEL TÍTULO
Título Poema inacabado /
Mención de responsabilidad, etc. Gabriel Ferrater ; versión en castellano, prólogo y notas de Joaquín Margarit y Pere Rovira.
260 ## - PUBLICACIÓN, DISTRIBUCIÓN, ETC.
Lugar de publicación, distribución, etc. Barcelona :
Nombre del editor, distribuidor, etc. Enciclopedia Catalana ;
Lugar de publicación, distribución, etc. Madrid :
Nombre del editor, distribuidor, etc. Alianza Editorial,
Fecha de publicación, distribución, etc. D.L. 1989.
300 ## - DESCRIPCIÓN FÍSICA
Extensión 107 p ;
Dimensiones 21 cm.
490 1# - MENCIÓN DE SERIE
Mención de serie Biblioteca de cultura catalana
700 1# - ENTRADA AGREGADA--NOMBRE PERSONAL
Nombre de persona Margarit, Joaquín.
9 (RLIN) 76619
700 1# - ENTRADA AGREGADA--NOMBRE PERSONAL
Nombre de persona Rovira, Pere.
9 (RLIN) 100136
830 0# - PUNTO DE ACCESO ADICIONAL DE SERIE-TÍTULO UNIFORME
Título uniforme Biblioteca de cultura catalana
9 (RLIN) 178600
852 ## - LOCALIZACIÓN
Ubicación ES-MaACL
Número de control de estantería L-18278
Sublocalización o colección R.121965
Holdings
Estatus retirado Estado de pérdida Estado de daño No para préstamo Biblioteca de origen Biblioteca actual Ubicación en estantería Fecha de adquisición Fuente de adquisición Total de préstamos Signatura topográfica completa Código de barras Visto por última vez Precio de reemplazo Tipo de ítem Koha
        Biblioteca del Ateneo de Madrid Biblioteca del Ateneo de Madrid Depósito 2 17/01/2008     L-18278 1011194 23/02/2023 23/02/2023 Libro impreso